书目信息 |
| 题名: |
影视摄影技术
|
|
| 作者: | 毕根辉 著 | |
| 分册: | ||
| 出版信息: | 北京 北京师范大学出版社 2000 |
|
| 页数: | 456页 | |
| 开本: | 20cm | |
| 丛书名: | ||
| 单 册: | ||
| 中图分类: | TB878 | |
| 科图分类: | ||
| 主题词: | 摄影技术 | |
| 电子资源: | ||
| ISBN: | 7-303-05573-8 | |
| 000 | 00508nam0 2200181 450 | |
| 001 | 0735592734 | |
| 005 | 20070906095312.73 | |
| 010 | @a7-303-05573-8@d¥26.00 | |
| 100 | @a20070906d km y0chiy0120 ea | |
| 101 | 0 | @achi |
| 200 | 1 | @a影视摄影技术@Aying shi she ying ji shu@f毕根辉著@Fbi gen hui zhu |
| 210 | @a北京@c北京师范大学出版社@d2000 | |
| 215 | @a456页@d20cm | |
| 606 | 0 | @a摄影技术 |
| 690 | @aTB878@v3 | |
| 701 | 0 | @a毕根辉@Abi gen hui@4著 |
| 801 | 0 | @aCN@bPFT@c20070906 |
| 905 | @a213230@dTB878@eP23@f1 | |
| 影视摄影技术/毕根辉著.-北京:北京师范大学出版社,2000 |
| 456页;20cm |
| ISBN 7-303-05573-8:¥26.00 |
| ● |
| 相关链接 |
|
|
|
|
正题名:影视摄影技术
索取号:TB878/P23
 
预约/预借
| 序号 | 登录号 | 条形码 | 馆藏地/架位号 | 状态 | 备注 |
| 1 | 7201495 | 272014955 | 密集书库-物理学院/ [索取号:TB878/P23] | 在馆 |